| 000 | 00341nam a2200133Ia 4500 | ||
|---|---|---|---|
| 008 | 240624s9999 xx 000 0 und d | ||
| 041 | _aeng | ||
| 082 | _a344.5401 BAB | ||
| 100 | _aBABU SHARATH | ||
| 245 | _aSOCIAL JUSTICE AND LABOUR JURISPRUDENCE | ||
| 260 |
_c2007 _aNew Delhi _bSage Publications |
||
| 300 | _a608 : p. | ||
| 365 |
_cRS _b34 |
||
| 999 |
_c14089 _d14089 |
||